000 01096nam a22003257a 4500
001 0158
003 DO-SdBPM
005 20251106110542.0
007 ta
008 151005b2001 sz 00| 0 spa d
020 _a3907640063
040 _aDO-SdBPM
_bspa
_cBPMSU
_erda
082 4 _a741.5
_bG127e 2001
_222
100 1 _aGaensslen, Rolf
_eautor
245 1 0 _aAgente del tiempo interdimensional I.D. :
_bEn el país que inventó el futuro /
_cRolf Gaensslen ; ilustraciones Franz Zumstein.
260 _a
_b
_c
264 _aBerna, Suiza :
_bPräsenz Schweiz,
_c2001.
300 _a39 páginas :
_bilustraciones ;
_c30 cm.
336 _atexto
_btxt
_2rdacontent
337 _asin mediación
_bn
_2rdamedia
338 _avolumen
_bnc
_2rdamedia
590 _aInventariado, 2025/VM
650 7 _aTiras cómicas, historietas, etc.
650 7 _aNovela gráfica suiza.
650 7 _aNovela de ciencia ficción.
650 7 _aViajes a través del tiempo
_vNovela gráfica.
700 1 _aZumstein, Franz,
_eilustrador
_4
910 _aVMateo V. Control de calidad. BPMSU
942 _2ddc
_cBK
999 _c8941
_d8941